100-0.001% questions - Geography edition - Statistics

General Stats
  • This quiz has been taken 183 times
    156 since last reset
  • The average score is 15 of 26
Answer Stats
Percent Question Question Answer % Correct
100% What is the biggest country in the world? Russia
100%
90% What is the most populated country in the world? India
96%
85% What is the capital city of the United States? Washington D.C.
96%
70% Which country has most part of the Nile? Egypt
93%
75% Can you name one of the three countries in the world that had influenced parts of all seven continents once? United Kingdom | Netherlands | France
92%
40% What is the smallest country in the world? Vatican City
87%
80% Which city is called The City of Love Paris
86%
95% What is the name of the two buildings that went down by planes on 9/11 2001? Twin Towers
83%
55% Name one island nation in the Middle East? Bahrain
82%
25% How many borders does France have? 10
79%
35% What is the capital of Algeria? Algiers
78%
45% Which country that starts with the M has a tropical rainforest Mexico | Myanmar
74%
60% What is the second tallest mountain in the world? K2
73%
65% What is the biggest country in Central America? Nicaragua
73%
10% How many countries are there in Europe? 50
57%
20% Which USA State borders North Dakota, South Dakota, Idaho and Wyoming? Montana
56%
15% What is the biggest island of China? Hainan
39%
2.5% What country in North America has the lowest amount of people? Saint Kitts and Nevis
34%
50% In which country was the highest earthquake ever recorded with a 9.5 magnitude Chile
33%
30% What is the second biggest city in Venezuela? Maracaibo
24%
1% In which city is the Palazzo Dei Normanni? Palermo
9%
5% What is the biggest county in England? North Yorkshire
7%
0.1% What is the capital city of South Georgia and the Sandwich Islands? King Edward Point
3%
0.5% What is the biggest atoll of Tokelau? Nukunonu
2%
0.01% In which overseas territory lays the city Potato Patches? Tristan da Cunha
2%
0.001% What is the name of the longest street on the Melville Island? Milikapiti to Paru Road
1%
No matching quizzes found
Score Distribution
Percent of People with Each Score
Percentile by Number Answered
Your Score History
You have not taken this quiz since the last reset